000 00627cam a22002293a 4500
001 10819
003 PGUSA
005 20140828083229.0
008 040101s2004||||xxu|||||s|||||000 1 eng d
040 _aPGUSA
_beng
042 _adc
050 4 _aPT
100 1 _aEeden, Frederik van,
_d1860-1932
245 1 0 _aDe kleine Johannes
_h[electronic resource] /
_cFrederik van Eeden
260 _bProject Gutenberg,
_c2004
506 _aPublic domain in the USA.
516 _aElectronic text
653 _aDutch fiction
830 0 _aProject Gutenberg
_v10819
856 4 0 _uhttp://www.gutenberg.org/ebooks/10819
942 _cEB
999 _c240074
_d240074